[Event "Sachsen-ch U18"]
[Site "Sebnitz"]
[Date "2012.04.12"]
[Round "4"]
[White "Duenzel, Jonas"]
[Black "Hanisch, Paul"]
[Result "1/2-1/2"]
[WhiteElo "2067"]
[BlackElo "1636"]
[PlyCount "104"]
[EventDate "2012.04.10"]
[EventType "swiss"]
[EventRounds "7"]
[EventCountry "GER"]
[SourceTitle "CBM 148 Extra"]
[Source "ChessBase"]
[SourceDate "2012.06.22"]
[SourceVersion "1"]
[SourceVersionDate "2012.06.22"]
[SourceQuality "1"]

1. d4 f5 2. g3 e6 3. Bg2 Nf6 4. f3 d6 5. e4 fxe4 6. fxe4 Nbd7 7. Ne2 e5 8. d5 Be7 9. 0-0 0-0 10. c4 Qe8 11. Nec3 a5 12. Be3 b6 13. Na3 Bd8 14. Nab5 Nc5 15. Qc2 Bd7 16. a3 Bxb5 17. cxb5 Qg6 18. Bxc5 bxc5 19. Bh3 Be7 20. Bf5 Qh6 21. Rf2 g6 22. Be6+ Kh8 23. Raf1 Qg5 24. Nb1 Ng8 25. Qd2 Rxf2 26. Rxf2 Qxd2 27. Nxd2 Nf6 28. a4 Kg7 29. Kf1 Rf8 30. Ke2 Ra8 31. Kd3 Kh6 32. g4 g5 33. h3 Kg6 34. Rf5 h5 35. Rf3 hxg4 36. hxg4 Rh8 37. Bf5+ Kg7 38. Nc4 Rh4 39. Rg3 Rh1 40. Rg2 Ra1 41. b3 Rd1+ 42. Ke2 Rd4 43. Ke3 Rxc4 44. bxc4 Ng8 45. Rh2 Nh6 46. Be6 Bd8 47. Bd7 Be7 48. Rg2 Bf6 49. Kf3 Be7 50. Kg3 Bf6 51. Be8 Ng8 52. Bc6 Nh6 1/2-1/2

[Event "Sachsen-ch U18"]
[Site "Sebnitz"]
[Date "2012.04.10"]
[Round "1"]
[White "Hanisch, Paul"]
[Black "Mueller, Marius"]
[Result "1-0"]
[WhiteElo "1636"]
[BlackElo "2000"]
[PlyCount "49"]
[EventDate "2012.04.10"]
[EventType "swiss"]
[EventRounds "7"]
[EventCountry "GER"]
[SourceTitle "CBM 148 Extra"]
[Source "ChessBase"]
[SourceDate "2012.06.22"]
[SourceVersion "1"]
[SourceVersionDate "2012.06.22"]
[SourceQuality "1"]

1. b3 d5 2. Bb2 Nf6 3. Nf3 c5 4. g3 Nc6 5. Bg2 e6 6. 0-0 Bd6 7. d3 0-0 8. Nbd2 e5 9. e4 d4 10. Nc4 Bc7 11. Nh4 Be6 12. Bc1 Rb8 13. f4 exf4 14. Bxf4 Bxf4 15. Rxf4 g5 16. Rxf6 Qxf6 17. Nf3 g4 18. Nh4 Ne5 19. Nxe5 Qxe5 20. Qd2 b5 21. Rf1 f6 22. Nf5 Rb7 23. Qh6 Kh8 24. Qxf8+ Bg8 25. Nh6 1-0